000 00612nam a2200193Ia 4500
003 GCL
008 140319s9999 xx 000 0 ara d
040 _aGCL /
_cGCL
082 0 4 _a109
_bع ل
100 1 _aعبدالغفار مكاوى
245 1 0 _aلم الفلسفة : مع لوحة زمنية بمعالم تاريخ الفلسفة /
_cعبدالغفار مكاوى
250 _aالاولى
260 _aالقاهرة :
_bمنشاة المعارف ،
_c1978
300 _a193ص ؛
_c24 سم
490 _a
650 0 4 _aالفلسفة
650 0 4 _aالفلسفة - تاريخ
942 _2ddc
_cBK
999 _c38041
_d38041